| 000 | 00830 a2200253 4500 | ||
|---|---|---|---|
| 003 | Nust | ||
| 005 | 20170207154036.0 | ||
| 010 | _a 2006285821 | ||
| 020 | _a1590596609 (pbk.) | ||
| 020 | _a9781590596609 | ||
| 035 | _a(OCoLC)70878629 | ||
| 035 | _a(OCoLC)ocm70878629 | ||
| 040 | _cNust | ||
| 082 | 0 | 4 | _a005.133 |
| 100 | 1 | _aZukowski, John. | |
| 245 | 1 | 0 |
_aJava 6 platform revealed -(E-BOOK) _cJohn Zukowski. |
| 246 | 3 | _aJava six platform revealed | |
| 260 |
_aBerkeley, CA : _bApress ; _aNew York, NY : _bDistributed to the book trade worldwide by Springer-Verlag New York, Inc., _cc2006. |
||
| 300 |
_axviii, 220 p. : _bill. ; _c24 cm. |
||
| 500 | _aIncludes index. | ||
| 650 | 0 | _aJava (Computer program language) | |
| 651 | _aE-BOOK | ||
| 856 | 4 | 1 |
_3Table of contents only _uhttp://www.loc.gov/catdir/toc/fy0705/2006285821.html |
| 942 |
_2ddc _cBK |
||
| 999 |
_c192395 _d192395 |
||